[Event "Madrid San Viator op 20th"]
[Site "Madrid"]
[Date "2013.04.07"]
[Round "1"]
[White "Jaumandreu Llopis, Antonio"]
[Black "Acuna Celada, Ivan"]
[Result "0-1"]
[WhiteElo "1590"]
[BlackElo "2159"]
[PlyCount "60"]
[EventDate "2013.04.07"]
[EventType "swiss"]
[EventRounds "9"]
[EventCountry "ESP"]
[SourceTitle "EXT 2014"]
[Source "ChessBase"]
[SourceDate "2013.11.20"]
[SourceVersion "1"]
[SourceVersionDate "2013.11.20"]
[SourceQuality "1"]

1. e4 c5 2. d4 cxd4 3. c3 dxc3 4. Nxc3 d6 5. Nf3 Nc6 6. Bc4 e6 7. 0-0 Be7 8. Qe2 a6 9. Rd1 Qc7 10. Bf4 Ne5 11. Nxe5 dxe5 12. Nb5 axb5 13. Bxb5+ Kf8 14. Rac1 Qa5 15. Bxe5 f6 16. Bc7 Qxa2 17. Bd8 Kf7 18. Rc7 Qb3 19. Rdc1 Bd7 20. Bc4 Qa4 21. b3 Qa3 22. Rd1 Rxd8 23. Rcxd7 Rxd7 24. Bxe6+ Kf8 25. Rxd7 Qa1+ 26. Rd1 Qe5 27. Qc4 g6 28. f4 Qc5+ 29. Qxc5 Bxc5+ 30. Kf1 Ne7 0-1

[Event "Madrid San Viator op 15th"]
[Site "Madrid"]
[Date "2010.11.21"]
[Round "9.1"]
[White "Unciti Juan, Javier"]
[Black "Acuna Celada, Ivan"]
[Result "1-0"]
[WhiteElo "2159"]
[BlackElo "2121"]
[PlyCount "43"]
[EventDate "2010.09.26"]
[EventType "swiss"]
[EventRounds "9"]
[EventCountry "ESP"]
[SourceTitle "EXT 2024"]
[Source "ChessBase"]
[SourceDate "2023.10.10"]
[SourceVersion "1"]
[SourceVersionDate "2023.10.10"]
[SourceQuality "1"]

1. d4 Nf6 2. c4 g6 3. Nc3 Bg7 4. e4 d6 5. f3 0-0 6. Be3 e5 7. Nge2 c6 8. Qd2 a6 9. d5 cxd5 10. cxd5 b5 11. Ng3 Nbd7 12. Bd3 Nb6 13. b3 Bd7 14. 0-0 Ne8 15. Rac1 h5 16. f4 exf4 17. Bxf4 Qe7 18. Bg5 Bf6 19. Rxf6 Nxf6 20. Rf1 Bg4 21. Bxf6 Qd7 22. Bd4 1-0

[Event "Madrid San Viator op 14th"]
[Site "Madrid"]
[Date "2010.05.23"]
[Round "8"]
[White "Acuna Celada, Ivan"]
[Black "Rosa Ramirez, Victor Diego"]
[Result "0-1"]
[WhiteElo "2118"]
[BlackElo "1936"]
[PlyCount "42"]
[EventDate "2010.03.28"]
[EventType "swiss"]
[EventRounds "9"]
[EventCountry "ESP"]
[SourceTitle "EXT 2011"]
[Source "ChessBase"]
[SourceDate "2010.11.26"]
[SourceVersion "1"]
[SourceVersionDate "2010.11.26"]
[SourceQuality "1"]

1. e4 e6 2. d4 d5 3. Nc3 Bb4 4. Nge2 Nf6 5. e5 Nfd7 6. a3 Be7 7. Nf4 c5 8. Qg4 0-0 9. Bd3 f5 10. Qxg7+ Kxg7 11. Nxe6+ Kh8 12. Nxd8 Bxd8 13. Nxd5 cxd4 14. f4 Nc5 15. Ke2 a5 16. Bd2 Nxd3 17. Kxd3 Be6 18. Kxd4 Nc6+ 19. Kc5 Bh4 20. Nc7 Bf2+ 21. Kd6 Rad8+ 0-1

[Event "Madrid San Viator op 14th"]
[Site "Madrid"]
[Date "2010.05.02"]
[Round "5"]
[White "Acuna Celada, Ivan"]
[Black "Tolosana Esteban, Enrique"]
[Result "1-0"]
[WhiteElo "2118"]
[BlackElo "1824"]
[PlyCount "129"]
[EventDate "2010.03.28"]
[EventType "swiss"]
[EventRounds "9"]
[EventCountry "ESP"]
[SourceTitle "EXT 2011"]
[Source "ChessBase"]
[SourceDate "2010.11.26"]
[SourceVersion "1"]
[SourceVersionDate "2010.11.26"]
[SourceQuality "1"]

1. e4 c5 2. Nf3 e6 3. d4 cxd4 4. Nxd4 a6 5. Bd3 Qc7 6. 0-0 Nc6 7. Nxc6 bxc6 8. c4 Bb7 9. Nc3 Bc5 10. Qg4 Ne7 11. Kh1 h5 12. Qg5 Bd4 13. Bf4 d6 14. Be3 Bf6 15. Qg3 h4 16. Qh3 g5 17. Be2 Ng6 18. Rad1 Nf4 19. Bxf4 gxf4 20. Bg4 Ke7 21. Rd3 Be5 22. Rfd1 Qb6 23. R1d2 d5 24. exd5 cxd5 25. cxd5 Rad8 26. dxe6 Rxd3 27. Qxd3 Rd8 28. Qxd8+ Qxd8 29. Rxd8 Kxd8 30. exf7 Ke7 31. Be6 f3 32. gxf3 Bxf3+ 33. Kg1 Bh5 34. Bc4 Bxf7 35. Bxa6 Kd6 36. a3 Kc5 37. Kg2 Be6 38. h3 Kb6 39. Be2 Bf4 40. Bg4 Bb3 41. Bd1 Be6 42. b3 Bc1 43. a4 Kc5 44. Ne4+ Kb4 45. Nf6 Bd2 46. Ne4 Bf4 47. Nf6 Bc7 48. Kf3 Bd8 49. Ng4 Bd5+ 50. Kf4 Bg2 51. Ne5 Bc7 52. Bg4 Kxb3 53. Bd7 Kc3 54. Kg5 Bxe5 55. Kxh4 Kb4 56. Kg4 Be4 57. f4 Bf6 58. h4 Bc2 59. h5 Bxa4 60. Bxa4 Kxa4 61. Kf5 Bb2 62. Ke6 Kb5 63. h6 Kc6 64. f5 Kc7 65. f6 1-0

[Event "ESP-ch Universities"]
[Site "Madrid"]
[Date "2008.05.10"]
[Round "8"]
[White "Acuna Celada, Ivan"]
[Black "Baiges Navarro, Albert"]
[Result "1-0"]
[WhiteElo "2114"]
[BlackElo "2044"]
[PlyCount "93"]
[EventDate "2008.05.08"]
[EventType "swiss"]
[EventRounds "9"]
[EventCountry "ESP"]
[SourceTitle "CBM 124 Extra"]
[Source "ChessBase"]
[SourceDate "2008.07.03"]
[SourceVersion "1"]
[SourceVersionDate "2008.07.03"]
[SourceQuality "1"]

1. e4 c5 2. Nf3 d6 3. d4 cxd4 4. Nxd4 Nf6 5. Nc3 a6 6. Be2 e5 7. Nb3 Be7 8. 0-0 0-0 9. a4 b6 10. Bc4 Bb7 11. Bd5 Nxd5 12. Nxd5 Nd7 13. Be3 Bg5 14. f3 Rc8 15. Bf2 Bxd5 16. exd5 Qc7 17. c3 f5 18. Qd3 Qb7 19. Rfd1 Rce8 20. Re1 a5 21. Qb5 Qc7 22. Qc6 Rc8 23. Qxc7 Rxc7 24. Be3 Bxe3+ 25. Rxe3 Nf6 26. Rd3 g5 27. Nd2 Rc5 28. c4 h5 29. b3 Rc7 30. Nb1 g4 31. Nc3 Rg7 32. Nb5 e4 33. fxe4 Nxe4 34. Re1 h4 35. Nd4 Nc5 36. Rde3 f4 37. Re8 Nd3 38. Rxf8+ Kxf8 39. Ne6+ Kg8 40. Rd1 Ne5 41. Nxg7 Kxg7 42. Rd4 f3 43. Kf2 fxg2 44. Kxg2 Kg6 45. Rf4 Kg5 46. Rf8 Nf3 47. h3 1-0

[Event "Marin op"]
[Site "Marin"]
[Date "2004.07.21"]
[Round "9"]
[White "Acuna Celada, Ivan"]
[Black "Abalde Fernandez, Esteban"]
[Result "0-1"]
[WhiteElo "2104"]
[BlackElo "2181"]
[PlyCount "126"]
[EventDate "2004.07.??"]
[EventType "swiss"]
[EventRounds "9"]
[EventCountry "ESP"]
[SourceTitle "EXT 2005"]
[Source "ChessBase"]
[SourceDate "2004.11.15"]
[SourceVersion "1"]
[SourceVersionDate "2004.11.15"]
[SourceQuality "1"]

1. e4 e5 2. Nf3 Nc6 3. Bb5 a6 4. Ba4 Bc5 5. 0-0 Nge7 6. c3 b5 7. Bb3 0-0 8. d4 Bb6 9. a4 bxa4 10. Bxa4 f6 11. Na3 d6 12. Nc4 Bg4 13. Nxb6 cxb6 14. d5 Na5 15. h3 Bh5 16. g4 Bg6 17. Qd3 Be8 18. Nh4 Bxa4 19. Rxa4 b5 20. Ra2 Nb3 21. Be3 Qc7 22. Nf5 Nxf5 23. gxf5 Rfc8 24. f3 Qc4 25. Qxc4 bxc4 26. Ra4 a5 27. Kf2 Rab8 28. Kg3 Rb5 29. f4 Kf7 30. fxe5 fxe5 31. Kg4 Rb7 32. Kh5 h6 33. Rg1 Nc5 34. Bxc5 Rxc5 35. Ra2 Rcb5 36. Rga1 Rxb2 37. Rxa5 Re2 38. Ra7 Rxa7 39. Rxa7+ Kf6 40. Ra8 Rxe4 41. Rf8+ Ke7 42. Rc8 Re3 43. Rxc4 Rxh3+ 44. Kg4 Rd3 45. Rc7+ Kf6 46. c4 h5+ 47. Kxh5 Kxf5 48. Rf7+ Ke4 49. Rxg7 Kd4 50. Rd7 Kxc4 51. Rxd6 Rxd5 52. Re6 Kd4 53. Kg4 Ke4 54. Ra6 Ke3 55. Ra3+ Rd3 56. Ra1 Rd4+ 57. Kf5 e4 58. Re1+ Kf3 59. Rf1+ Ke2 60. Ke5 Rc4 61. Rf4 Ke3 62. Rh4 Rc5+ 63. Kd6 Ra5 0-1

[Event "Galicia-ch Absoluto"]
[Site "Mondariz"]
[Date "2003.04.16"]
[Round "5.7"]
[White "Acuna Celada, Ivan"]
[Black "Tallarico Tallarico, Ovidio Mario"]
[Result "1/2-1/2"]
[WhiteElo "2071"]
[BlackElo "2223"]
[PlyCount "118"]
[EventDate "2003.04.12"]
[EventType "swiss"]
[EventRounds "9"]
[EventCountry "ESP"]
[SourceTitle "EXT 2004"]
[Source "ChessBase"]
[SourceDate "2003.11.25"]
[SourceVersion "1"]
[SourceVersionDate "2003.11.25"]
[SourceQuality "1"]

1. e4 c5 2. Nf3 Nc6 3. d4 cxd4 4. Nxd4 g6 5. Nc3 Bg7 6. Be3 Nf6 7. Nxc6 bxc6 8. e5 Ng8 9. Bd4 f6 10. f4 Qa5 11. Qe2 fxe5 12. Bxe5 Nf6 13. Qc4 e6 14. 0-0-0 0-0 15. Bd6 Rf7 16. Bb4 Qb6 17. Na4 Qe3+ 18. Kb1 Nd5 19. Bd2 Qd4 20. Qxd4 Bxd4 21. c3 Ne3 22. Bxe3 Bxe3 23. g3 d5 24. Rd3 Bf2 25. Rf3 Bb6 26. Nxb6 axb6 27. Re3 Kf8 28. h4 h5 29. Bh3 Rf6 30. Re5 Ke7 31. Rhe1 Kd6 32. b3 Bd7 33. Kb2 Ra7 34. a4 Ra8 35. Ra1 Ra7 36. Rg5 Be8 37. Re1 Bf7 38. Bf1 Rf5 39. Re5 Rxg5 40. Rxg5 Ke7 41. Bd3 Kf6 42. Re5 Ra8 43. Ka3 Be8 44. Kb2 Ra7 45. Kc1 Bd7 46. Kd2 c5 47. Re1 Rc7 48. Rb1 Ra7 49. Ra1 Ra8 50. Bc2 Be8 51. b4 Bc6 52. a5 bxa5 53. bxa5 Bb5 54. Ke3 Ra6 55. Kd2 e5 56. fxe5+ Kxe5 57. Re1+ Kf6 58. Ra1 Ke5 59. Re1+ Kf6 1/2-1/2

[Event "Burgas op 11th"]
[Site "Orense"]
[Date "2002.07.13"]
[Round "8.19"]
[White "Piay Augusto, Mauro"]
[Black "Acuna Celada, Ivan"]
[Result "1/2-1/2"]
[WhiteElo "2139"]
[BlackElo "2055"]
[PlyCount "33"]
[EventDate "2002.07.06"]
[EventType "swiss"]
[EventRounds "9"]
[EventCountry "ESP"]
[SourceTitle "CBM 089 Extra"]
[Source "ChessBase"]
[SourceDate "2002.09.10"]
[SourceVersion "2"]
[SourceVersionDate "2002.09.10"]
[SourceQuality "1"]

1. e4 c5 2. Nf3 d6 3. d3 g6 4. g3 Bg7 5. Bg2 e6 6. 0-0 Ne7 7. Nbd2 0-0 8. Nh4 d5 9. f4 dxe4 10. dxe4 Nbc6 11. c3 b6 12. Qe2 f5 13. Rd1 Qc7 14. Nf1 Bd7 15. Be3 Rad8 16. Bf2 Bc8 17. Ne3 1/2-1/2

[Event "ESP-ch U20"]
[Site "La Algaba"]
[Date "2001.??.??"]
[Round "2"]
[White "Acuna Celada, Ivan"]
[Black "Moreno Tejera, Emilio"]
[Result "0-1"]
[WhiteElo "2019"]
[BlackElo "2202"]
[PlyCount "74"]
[EventDate "2001.??.??"]
[EventType "swiss"]
[EventRounds "9"]
[EventCountry "ESP"]
[SourceTitle "EXT 2002"]
[Source "ChessBase"]
[SourceDate "2001.11.25"]
[SourceVersion "1"]
[SourceVersionDate "2001.11.25"]
[SourceQuality "1"]

1. e4 c5 2. Nf3 e6 3. Nc3 Nc6 4. d4 cxd4 5. Nxd4 Nf6 6. Ndb5 Bb4 7. a3 Bxc3+ 8. Nxc3 d5 9. exd5 exd5 10. Be2 d4 11. Nb1 0-0 12. 0-0 Bf5 13. Nd2 d3 14. Bxd3 Bxd3 15. cxd3 Qxd3 16. Nf3 Qb5 17. Nd4 Nxd4 18. Qxd4 Rfd8 19. Qh4 Rd5 20. a4 Qd3 21. Ra3 Qe2 22. Re3 Qc2 23. Rc3 Qf5 24. Be3 Rd7 25. Rfc1 Rad8 26. Rc8 Qc2 27. Rxd8+ Rxd8 28. h3 Qxb2 29. Rc4 Qe5 30. Bd4 Qb8 31. g3 Ne8 32. Qe7 Qd6 33. Qxb7 Qe6 34. Qc6 Qxc6 35. Rxc6 Rxd4 36. a5 Kf8 37. Rc8 Rd5 0-1

[Event "Burgas op 10th"]
[Site "Burgas"]
[Date "2001.??.??"]
[Round "4"]
[White "Moreno Tejera, Emilio"]
[Black "Acuna Celada, Ivan"]
[Result "1-0"]
[WhiteElo "2202"]
[BlackElo "2019"]
[PlyCount "75"]
[EventDate "2001.??.??"]
[EventType "swiss"]
[EventRounds "9"]
[EventCountry "ESP"]
[SourceTitle "EXT 2002"]
[Source "ChessBase"]
[SourceDate "2001.11.25"]
[SourceVersion "1"]
[SourceVersionDate "2001.11.25"]
[SourceQuality "1"]

1. e4 c5 2. Nc3 Nc6 3. Bb5 g6 4. Bxc6 bxc6 5. d3 Bg7 6. Nge2 d5 7. 0-0 e6 8. b3 Ba6 9. Rb1 c4 10. bxc4 dxc4 11. d4 Ne7 12. Ba3 0-0 13. e5 Nf5 14. Bc5 Re8 15. g4 Qg5 16. h3 Nh4 17. f4 Qd8 18. Ng3 f6 19. Nge4 g5 20. exf6 Bxf6 21. Nxf6+ Qxf6 22. Ne4 Qg6 23. Nxg5 c3 24. Rf2 Bc4 25. Qe1 h6 26. Nf3 Nxf3+ 27. Rxf3 Qxc2 28. Rxc3 Qxa2 29. Rbc1 Bd5 30. R1c2 Qa5 31. g5 Rab8 32. Kh2 Rb3 33. Qd2 Qa1 34. Rxb3 Qh1+ 35. Kg3 Qg1+ 36. Kh4 hxg5+ 37. fxg5 Bxb3 38. Rc1 1-0

[Event "ESP-ch U20"]
[Site "Mondariz"]
[Date "2000.07.22"]
[Round "7"]
[White "Moreno Tejera, Emilio"]
[Black "Acuna Celada, Ivan"]
[Result "1-0"]
[WhiteElo "2139"]
[BlackElo "2020"]
[PlyCount "63"]
[EventDate "2000.07.16"]
[EventType "swiss"]
[EventRounds "8"]
[EventCountry "ESP"]
[SourceTitle "EXT 2001"]
[Source "ChessBase"]
[SourceDate "2000.11.22"]
[SourceVersion "1"]
[SourceVersionDate "2000.11.22"]
[SourceQuality "1"]

1. e4 c5 2. Nf3 d6 3. d4 cxd4 4. Nxd4 Nf6 5. Nc3 a6 6. Be3 Ng4 7. Bc1 Nf6 8. f3 e5 9. Nb3 Be6 10. Be3 Nbd7 11. Qd2 h5 12. 0-0-0 b5 13. Kb1 Nb6 14. Bxb6 Qxb6 15. Nd5 Nxd5 16. exd5 Bf5 17. Qa5 Qf2 18. Bxb5+ Ke7 19. Rd2 Qe3 20. Nd4 Kf6 21. Nxf5 axb5 22. Qxa8 Qxd2 23. g4 hxg4 24. fxg4 Rxh2 25. Rc1 Rh8 26. Qd8+ Kg6 27. Ne7+ Kg5 28. Ng8+ Kf4 29. Qxf8 Ke3 30. b3 Kd4 31. Qxf7 Kc3 32. Qc7+ 1-0

[Event "ESP-ch U20"]
[Site "Mondariz"]
[Date "2000.07.18"]
[Round "3"]
[White "Ramirez Garrastacho, Manuel"]
[Black "Acuna Celada, Ivan"]
[Result "1-0"]
[WhiteElo "2149"]
[BlackElo "2020"]
[PlyCount "63"]
[EventDate "2000.07.16"]
[EventType "swiss"]
[EventRounds "8"]
[EventCountry "ESP"]
[SourceTitle "EXT 2001"]
[Source "ChessBase"]
[SourceDate "2000.11.22"]
[SourceVersion "1"]
[SourceVersionDate "2000.11.22"]
[SourceQuality "1"]

1. d4 Nf6 2. c4 e6 3. Nc3 Bb4 4. Qc2 0-0 5. f3 Nc6 6. e3 d5 7. cxd5 exd5 8. Bd3 Re8 9. Nge2 Bf8 10. 0-0 Nb4 11. Qd1 Nxd3 12. Qxd3 h6 13. e4 dxe4 14. fxe4 c5 15. d5 Qb6 16. Kh1 Ng4 17. Qg3 Bd6 18. Bf4 Bxf4 19. Nxf4 c4 20. Rad1 Qe3 21. Rf3 Qb6 22. d6 Qxb2 23. h3 Ne5 24. Nh5 Bg4 25. hxg4 Nxf3 26. Qxf3 b5 27. Nd5 Qxa2 28. Ne7+ Rxe7 29. dxe7 Re8 30. Qc3 f6 31. Nxf6+ gxf6 32. Qxf6 1-0

[Event "Nigran op 13th"]
[Site "Nigran"]
[Date "1999.??.??"]
[Round "2"]
[White "Garcia Carbo, Marcial"]
[Black "Acuna Celada, Ivan"]
[Result "1-0"]
[WhiteElo "2340"]
[BlackElo "2050"]
[PlyCount "49"]
[EventDate "1999.??.??"]
[EventType "swiss"]
[EventRounds "9"]
[EventCountry "ESP"]
[SourceTitle "EXT 2000"]
[Source "ChessBase"]
[SourceDate "1999.11.16"]
[SourceVersion "1"]
[SourceVersionDate "1999.11.16"]
[SourceQuality "1"]

1. e4 c5 2. Nf3 d6 3. d4 cxd4 4. Nxd4 Nf6 5. Nc3 a6 6. Be3 e5 7. Nb3 Be6 8. Qd2 Nbd7 9. f3 Be7 10. g4 Nb6 11. g5 Nfd7 12. 0-0-0 0-0 13. h4 Nc4 14. Bxc4 Bxc4 15. Nd5 Bxd5 16. Qxd5 Kh8 17. Na5 Qc7 18. Nxb7 Rac8 19. Rh2 Nb6 20. Bxb6 Qxb6 21. Nxd6 Bxd6 22. Qxd6 Qe3+ 23. Rhd2 Rfd8 24. Qxa6 Ra8 25. Kb1 1-0